Nghiên cứu khả năng hấp thu Metyl da cam của tro trấu hoạt hóa ở điều kiện phòng thí nghiệm : Luận văn tốt nghiệp Cao học. Chuyên ngành Khoa học môi trường
Đề tài tận dụng nguồn tro trấu thải từ các lò đốt ở địa phương làm vật liệu hấp phụ các chất ô nhiễm trong môi trường nước, qua đó góp phần hạn chế ô nhiễm nguồn nước mặt ở Đồng bằng sông Cửu Long....
Na minha lista:
| Autor principal: | |
|---|---|
| Formato: | Livro |
| Idioma: | Undetermined |
| Publicado em: |
Cần Thơ
Trường Đại học Cần Thơ
2015
|
| Assuntos: | |
| Tags: |
Adicionar Tag
Sem tags, seja o primeiro a adicionar uma tag!
|
| Thư viện lưu trữ: | Trung tâm Học liệu Trường Đại học Cần Thơ |
|---|
| LEADER | 01250nam a2200229Ia 4500 | ||
|---|---|---|---|
| 001 | CTU_205990 | ||
| 008 | 210402s9999 xx 000 0 und d | ||
| 082 | |a 363.7394 | ||
| 082 | |b T406 | ||
| 088 | |a 60440301 | ||
| 100 | |a Phan, Phước Toàn | ||
| 245 | 0 | |a Nghiên cứu khả năng hấp thu Metyl da cam của tro trấu hoạt hóa ở điều kiện phòng thí nghiệm : | |
| 245 | 0 | |b Luận văn tốt nghiệp Cao học. Chuyên ngành Khoa học môi trường | |
| 245 | 0 | |c Phan Phước Toàn ; Ngô Thụy Diễm Trang, Nguyễn Trung Thành (Cán bộ hướng dẫn) | |
| 260 | |a Cần Thơ | ||
| 260 | |b Trường Đại học Cần Thơ | ||
| 260 | |c 2015 | ||
| 520 | |a Đề tài tận dụng nguồn tro trấu thải từ các lò đốt ở địa phương làm vật liệu hấp phụ các chất ô nhiễm trong môi trường nước, qua đó góp phần hạn chế ô nhiễm nguồn nước mặt ở Đồng bằng sông Cửu Long. | ||
| 650 | |a Water,Nước | ||
| 650 | |x Pollution,Ô nhiễm | ||
| 904 | |i Hải | ||
| 980 | |a Trung tâm Học liệu Trường Đại học Cần Thơ | ||